Biochemical Regulatory mechanisms in eukaryotic cells
Wedi'i Gadw mewn:
| Prif Awduron: | , |
|---|---|
| Fformat: | Llyfr |
| Iaith: | Saesneg |
| Cyhoeddwyd: |
Nueva York
Wiley-Interscience
1972
|
| Pynciau: | |
| Tagiau: |
Ychwanegu Tag
Dim Tagiau, Byddwch y cyntaf i dagio'r cofnod hwn!
|
MARC
| LEADER | 00000nam a2200000 a 4500 | ||
|---|---|---|---|
| 001 | UCR5314 | ||
| 003 | CL-VaPUC | ||
| 008 | 980327e19720000US |||||||||||||||||eng|d | ||
| 082 | 0 | 4 | |a 572 |b KUN |2 21 |
| 100 | 0 | |a Kun, Ernest |e author |9 406078 | |
| 700 | 0 | |a Grisolia, Santiago |e author |9 406079 | |
| 245 | 1 | 0 | |a Biochemical Regulatory mechanisms in eukaryotic cells |
| 300 | |a 530 p | ||
| 942 | |c BK | ||
| 945 | |d 19980327 00:00:00 |a crobeson | ||
| 260 | |a Nueva York |b Wiley-Interscience |c 1972 | ||
| 650 | 7 | |a CITOQUIMICA |2 CL-VaPUC |9 261426 | |
| 650 | 7 | |a CONTROL DE SISTEMAS BIOLOGICOS |2 CL-VaPUC |9 406080 | |
| 650 | 7 | |a CELULAS EUCARIOTICAS |2 CL-VaPUC |9 270295 | |
| 650 | 0 | |a Bioquímica |9 259492 | |
| 650 | 7 | |a FENOMENOS BIOQUIMICOS |2 CL-VaPUC |9 360969 | |
| 650 | 0 | |a Análisis bioquímico |9 363390 | |
| 650 | 0 | |a Biología molecular |9 269677 | |
| 650 | 7 | |a BIOSINTESIS |2 CL-VaPUC |9 269567 | |
| 650 | 0 | |a Enzimas |9 262984 | |
| 583 | |a last modification |c 19980327 00:00:00 |k Rodrigo Vera | ||
| 999 | |c 267929 |d 267927 | ||
| 952 | |0 0 |1 0 |4 0 |6 572_000000000000000_KUN_1972 |7 0 |8 A |9 300763 |a BIBALI |b BIBALI |c GEN |d 2019-11-20 |i 1973061 |o 572 KUN 1972 |p 1973061 |r 2025-01-20 |w 2019-11-20 |y BK |k ALI | ||